Kalanidhi Kailasapathi (Record no. 31)

MARC details
000 -LEADER
fixed length control field 00675 a2200229 4500
010 ## - LIBRARY OF CONGRESS CONTROL NUMBER
LC control number TML-30173
020 ## - INTERNATIONAL STANDARD BOOK NUMBER
International Standard Book Number 8126023627
Terms of availability 25.00
035 ## - SYSTEM CONTROL NUMBER
System control number TM-28409
037 ## - SOURCE OF ACQUISITION
Source of stock number/acquisition D.B.Act / pub /
082 ## - DEWEY DECIMAL CLASSIFICATION NUMBER
Classification number 894.811092
090 ## - LOCALLY ASSIGNED LC-TYPE CALL NUMBER (OCLC); LOCAL CALL NUMBER (OCLC)
-- 31
-- 31
100 ## - MAIN ENTRY--PERSONAL NAME
Personal name Sundaram, Rama
245 ## - TITLE STATEMENT
Title Kalanidhi Kailasapathi
Statement of responsibility, etc Rama. Sundaram
246 ## - VARYING FORM OF TITLE
Title proper/short title கலாநிதி கைலாசபதி
250 ## - EDITION STATEMENT
Edition statement 1st ed
260 ## - PUBLICATION, DISTRIBUTION, ETC. (IMPRINT)
Place of publication, distribution, etc Chennai
Name of publisher, distributor, etc Sahitya Akademi
Date of publication, distribution, etc 2007
270 ## - ADDRESS
Address 35,Feroshah Road
City New Delhi
Postal code 110001
300 ## - PHYSICAL DESCRIPTION
Extent 132p
Dimensions 22cm
650 ## - SUBJECT ADDED ENTRY--TOPICAL TERM
Topical term or geographic name as entry element Biography
942 ## - ADDED ENTRY ELEMENTS (KOHA)
Koha item type Tamil Bks
Call number prefix 894.811092 / KAI
Holdings
Withdrawn status Lost status Source of classification or shelving scheme Damaged status Not for loan Collection code Home library Current library Source of acquisition Cost, normal purchase price Total Checkouts Full call number Barcode Date last seen Copy number Uniform Resource Identifier Cost, replacement price Price effective from Koha item type
    Dewey Decimal Classification   Not For Loan Non-fiction D.B.Act.Division D.B.Act.Division DBAD/PUB 25.00   894.811092 SUN TM-28409 15/09/2008 1 38 25.00 15/09/2008 Tamil Bks

© Delhi Public Library
Hit Counter
free hit counter